Comprensión y composición escrita: estrategias de aprendizaje
Saved in:
| Main Authors: | , |
|---|---|
| Format: | Bog |
| Sprog: | spansk |
| Udgivet: |
Madrid
Síntesis
2001
|
| Serier: | Aplicación en el Aula, 16
|
| Fag: | |
| Tags: |
Tilføj Tag
Ingen Tags, Vær først til at tagge denne postø!
|
MARC
| LEADER | 00000nam a2200000 a 4500 | ||
|---|---|---|---|
| 001 | UCN8533 | ||
| 003 | CL-VaPUC | ||
| 008 | 011116e20010000SP |||||||||||||||||spa|d | ||
| 082 | 0 | 4 | |a 372.47 |b HER |2 21 |
| 100 | 0 | |a Hernández Martín, Azucena |e author |9 464789 | |
| 700 | 0 | |a Quintero Gallego, Anunciación |e author |9 464790 | |
| 245 | 1 | 0 | |a Comprensión y composición escrita: estrategias de aprendizaje |
| 300 | |a 254 p | ||
| 942 | |c BK | ||
| 945 | |d 20011116 00:00:00 |a cmena | ||
| 260 | |a Madrid |b Síntesis |c 2001 | ||
| 650 | 0 | |a Comprensión de lectura |9 307588 | |
| 650 | 0 | |a Métodos de enseñanza |9 270413 | |
| 650 | 7 | |a COMPOSICION ESCRITA |2 CL-VaPUC |9 464791 | |
| 650 | 0 | |a Análisis del discurso |9 256696 | |
| 583 | |a last modification |c 20011116 00:00:00 |k Rodrigo Vera | ||
| 490 | 0 | |a Aplicación en el Aula, 16 | |
| 999 | |c 298372 |d 298370 | ||
| 952 | |0 0 |1 0 |4 0 |6 372_470000000000000_HER_2001 |7 0 |8 A |9 353894 |a FDOPOS |b FDOPOS |d 2019-11-21 |i 3772330 |o 372.47 HER 2001 |p 3772330 |r 2025-01-22 |w 2019-11-21 |y BK |k MLA | ||
| 952 | |0 0 |1 0 |4 0 |6 372_470000000000000_HER_2001 |7 0 |8 A |9 353895 |a BIBEDU |b BIBEDU |d 2019-11-21 |i 3888991 |l 3 |o 372.47 HER 2001 |p 3888991 |r 2024-03-08 |s 2022-10-04 |w 2019-11-21 |y BK |k LIT | ||